00765 2200265 4500001002100000005001500021035002000036007000300056008004100059020002200100082001000122084001600132100002300148245013600171250001000307260003700317300003200354650001100386700001700397700002300414700001800437700002200455990001100477990001100488INLIS00000000000296020190119110121 a0010-0119000312ta190119 g 0 ind  a978-602-5025-39-6 a741.5 a741.5 GAN b0 aGANI, Suryo Buwono1 aBelajar Berlalu Lintas @Sichikomik /cGani Suryo Buwono; penyunting, Tin Zulaeha, Aisyah W. Wardani, Elly Dian M., Sulistiyo Wibowo acet.1 aSurakarta :bVisi Mandiri,c2018 a127 hlm. :bilus. ;c20 cm. aGAMBAR0 aTIN, Zulaeha0 aAISYAH, W. Wardani0 aELLY, Dian M.0 aSULISTIYO, Wibowo a6383 a a6383 b